| 000 | 00649nam a2200229 a 4500 | ||
|---|---|---|---|
| 999 |
_c4465 _d4465 |
||
| 001 | 4465 | ||
| 003 | BD-JhCC | ||
| 005 | 20171129103500.0 | ||
| 008 | 171127s1970 bg |||| b||| 001 0 eng d | ||
| 035 | _a(BD-JhCC)4465 | ||
| 040 |
_aBD-JhCC _dBD-JhCC |
||
| 041 | _aeng | ||
| 082 |
_a398.21 _bISL 1970 |
||
| 100 | _aIslam, Mazharul | ||
| 245 |
_aA History of Folktale : _bCollections In India and Pakistan / _cMazharul Islam. |
||
| 260 |
_aDhaka : _bBengali Academy, _c1970. |
||
| 300 |
_a336 p. : _c22 cm. |
||
| 504 | _aIncludes Bibliographical Reference and Index. | ||
| 650 |
_aFolk Tales _zIndia & Pakistan |
||
| 942 |
_2ddc _cBK |
||